Metodika výučby prekladu z/do cudzieho jazyka

Na minha lista:
Detalhes bibliográficos
Autor principal: Fifiková, Dominika, 1987-
Formato: Capítulo de Livro
Idioma:eslovaco
Tags: Adicionar Tag
Sem tags, seja o primeiro a adicionar uma tag!

MARC

LEADER 00000naa$a2200000$$$4500
001 0247538
005 20240502083700.0
041 0 |a slo 
044 |a CZ 
245 1 0 |a Metodika výučby prekladu z/do cudzieho jazyka  |c Dominika Fifiková 
100 1 |a Fifiková, Dominika, 1987-